[Event "Steinfurt Bezirksliga 1819"]
[Site "Germany"]
[Date "2019.05.04"]
[Round "10.6"]
[White "Ternes, Joachim"]
[Black "Meier, Josef"]
[Result "1-0"]
[WhiteElo "1601"]
[BlackElo "1339"]
[PlyCount "65"]
[EventDate "2018.09.01"]
[EventType "team-tourn"]
[EventRounds "10"]
[EventCountry "GER"]
[SourceTitle "EXT 2020"]
[Source "ChessBase"]
[SourceDate "2019.10.17"]
[SourceVersion "1"]
[SourceVersionDate "2019.10.17"]
[SourceQuality "1"]
[WhiteTeam "Neuenkirchen"]
[BlackTeam "Steinfurt III"]
[WhiteTeamCountry "GER"]
[BlackTeamCountry "GER"]

1. e4 e6 2. d4 d5 3. exd5 exd5 4. c4 Be6 5. c5 Nf6 6. Nf3 Nbd7 7. Bd3 Be7 8. h3 0-0 9. 0-0 Ne4 10. Nbd2 Ndf6 11. Qe2 Bf5 12. Nh4 Nxd2 13. Nxf5 Nxf1 14. Nxe7+ Kh8 15. Nf5 Re8 16. Qxf1 Qd7 17. Be3 Ne4 18. Nh4 Re6 19. Nf3 f6 20. Qd1 Qf7 21. Qc2 Rae8 22. b4 a6 23. a4 c6 24. b5 axb5 25. axb5 Rc8 26. Ra7 Re7 27. Nd2 cxb5 28. Nxe4 dxe4 29. Bxb5 f5 30. Bg5 Rec7 31. Bf4 Re7 32. Bd6 Re6 33. Bc4 1-0

[Event "Steinfurt Bezirksliga 1819"]
[Site "Germany"]
[Date "2019.03.16"]
[Round "8.5"]
[White "Koczy, Willibald"]
[Black "Ternes, Joachim"]
[Result "0-1"]
[WhiteElo "1466"]
[BlackElo "1601"]
[PlyCount "80"]
[EventDate "2018.09.01"]
[EventType "team-tourn"]
[EventRounds "10"]
[EventCountry "GER"]
[SourceTitle "EXT 2020"]
[Source "ChessBase"]
[SourceDate "2019.10.17"]
[SourceVersion "1"]
[SourceVersionDate "2019.10.17"]
[SourceQuality "1"]
[WhiteTeam "Ibbenbueren II"]
[BlackTeam "Neuenkirchen"]
[WhiteTeamCountry "GER"]
[BlackTeamCountry "GER"]

1. e4 c6 2. d4 d5 3. Nc3 dxe4 4. Nxe4 Bf5 5. Ng3 Bg6 6. h4 h6 7. h5 Bh7 8. Nf3 Nd7 9. Bd3 Bxd3 10. Qxd3 e6 11. Bf4 Ngf6 12. 0-0-0 Nd5 13. Bd2 Bd6 14. Ne4 Be7 15. g4 N7f6 16. Nxf6+ gxf6 17. c4 Nc7 18. Qb3 b6 19. Bf4 Bd6 20. Qe3 Bxf4 21. Qxf4 Qe7 22. Rhe1 0-0-0 23. Nd2 a6 24. Ne4 b5 25. c5 Nd5 26. Qf3 Rhg8 27. Qa3 Kb7 28. f3 Ka7 29. b4 f5 30. Nf2 Qh4 31. Rd2 fxg4 32. fxg4 Rxg4 33. Qf3 Rf4 34. Qg2 Rxd4 35. Rxd4 Qxd4 36. Re4 Qa1+ 37. Kc2 Qxa2+ 38. Kc1 Qa3+ 39. Kb1 Nc3+ 40. Kc2 Nxe4 0-1

[Event "Steinfurt Bezirksliga 1819"]
[Site "Germany"]
[Date "2019.02.16"]
[Round "7.6"]
[White "Radisic, Sascha"]
[Black "Ternes, Joachim"]
[Result "1/2-1/2"]
[WhiteElo "1639"]
[BlackElo "1601"]
[PlyCount "40"]
[EventDate "2018.09.01"]
[EventType "team-tourn"]
[EventRounds "10"]
[EventCountry "GER"]
[SourceTitle "EXT 2020"]
[Source "ChessBase"]
[SourceDate "2019.10.17"]
[SourceVersion "1"]
[SourceVersionDate "2019.10.17"]
[SourceQuality "1"]
[WhiteTeam "Steinfurt II"]
[BlackTeam "Neuenkirchen"]
[WhiteTeamCountry "GER"]
[BlackTeamCountry "GER"]

1. Nf3 d5 2. c4 e6 3. g3 Nf6 4. Bg2 c6 5. b3 Nbd7 6. 0-0 Bd6 7. Bb2 0-0 8. e3 Qb6 9. Qc2 dxc4 10. Qxc4 Qc7 11. Bxf6 Nxf6 12. d4 b5 13. Qc2 Bb7 14. Nbd2 Rac8 15. Ne4 Nxe4 16. Qxe4 c5 17. Qc2 Bxf3 18. Bxf3 cxd4 19. Qxc7 Rxc7 20. exd4 Rfc8 1/2-1/2

[Event "Steinfurt Bezirksliga 1819"]
[Site "Germany"]
[Date "2018.12.15"]
[Round "5.6"]
[White "Stoffers, Elsbeth"]
[Black "Ternes, Joachim"]
[Result "0-1"]
[WhiteElo "1365"]
[BlackElo "1601"]
[PlyCount "50"]
[EventDate "2018.09.01"]
[EventType "team-tourn"]
[EventRounds "10"]
[EventCountry "GER"]
[SourceTitle "EXT 2020"]
[Source "ChessBase"]
[SourceDate "2019.10.17"]
[SourceVersion "1"]
[SourceVersionDate "2019.10.17"]
[SourceQuality "1"]
[WhiteTeam "Steinfurt III"]
[BlackTeam "Neuenkirchen"]
[WhiteTeamCountry "GER"]
[BlackTeamCountry "GER"]

1. d4 d5 2. c4 e6 3. Nc3 Nf6 4. cxd5 exd5 5. Nf3 Be7 6. Bf4 c6 7. e3 Bg4 8. Be2 Nbd7 9. h3 Bh5 10. 0-0 0-0 11. Rb1 Re8 12. Re1 Ne4 13. Nxe4 dxe4 14. Nd2 Bxe2 15. Rxe2 Nf6 16. Qb3 Qd7 17. Nc4 Nd5 18. Bg3 b6 19. Ne5 Qe6 20. Rc1 Rac8 21. Qa4 c5 22. dxc5 Bxc5 23. Qxa7 Red8 24. Rec2 Nb4 25. Rc3 Nxa2 0-1

[Event "Steinfurt Bezirksliga 1819"]
[Site "Germany"]
[Date "2018.11.24"]
[Round "4.5"]
[White "Woeste, Georg"]
[Black "Ternes, Joachim"]
[Result "1-0"]
[WhiteElo "1719"]
[BlackElo "1601"]
[PlyCount "61"]
[EventDate "2018.09.01"]
[EventType "team-tourn"]
[EventRounds "10"]
[EventCountry "GER"]
[SourceTitle "EXT 2020"]
[Source "ChessBase"]
[SourceDate "2019.10.17"]
[SourceVersion "1"]
[SourceVersionDate "2019.10.17"]
[SourceQuality "1"]
[WhiteTeam "Reckenfeld"]
[BlackTeam "Neuenkirchen"]
[WhiteTeamCountry "GER"]
[BlackTeamCountry "GER"]

1. Nf3 d5 2. g3 Nf6 3. Bg2 Bf5 4. d3 e6 5. c4 Bb4+ 6. Bd2 Be7 7. Nc3 c6 8. Qb3 Qb6 9. Be3 Qxb3 10. axb3 a6 11. Na4 Nbd7 12. h3 h6 13. 0-0 0-0 14. g4 Bh7 15. Bf4 Rfd8 16. Rfc1 dxc4 17. bxc4 Nc5 18. Nxc5 Bxc5 19. Bd2 Nd7 20. b4 Be7 21. h4 Bf6 22. Ra2 c5 23. g5 hxg5 24. hxg5 Be7 25. bxc5 Nxc5 26. Rb1 Rab8 27. Rab2 f6 28. Be3 Rd7 29. Bh3 Kf7 30. Rb6 Na4 31. Bxe6+ 1-0

[Event "Steinfurt Bezirksklasse 1718"]
[Site "Germany"]
[Date "2017.12.09"]
[Round "3.3"]
[White "Ternes, Joachim"]
[Black "Altenaehr, Johannes"]
[Result "1/2-1/2"]
[WhiteElo "1606"]
[BlackElo "1348"]
[PlyCount "46"]
[EventDate "2017.10.07"]
[EventType "team-tourn"]
[EventRounds "7"]
[EventCountry "GER"]
[SourceTitle "EXT 2019"]
[Source "ChessBase"]
[SourceDate "2018.10.10"]
[SourceVersion "1"]
[SourceVersionDate "2018.10.10"]
[SourceQuality "1"]
[WhiteTeam "Neuenkirchen II"]
[BlackTeam "Rheine CC"]
[WhiteTeamCountry "GER"]
[BlackTeamCountry "GER"]

1. e4 e5 2. Nf3 Nc6 3. Bc4 Nf6 4. d3 h6 5. c3 Bc5 6. Bb3 d6 7. Nbd2 Be6 8. Bc2 a6 9. a4 0-0 10. Nf1 Ng4 11. Ne3 Bxe3 12. Bxe3 Nxe3 13. fxe3 Bg4 14. 0-0 Qe7 15. Qe1 Be6 16. b4 f5 17. exf5 Rxf5 18. Qg3 Rf6 19. e4 Qf7 20. Nd2 Qg6 21. Qxg6 Rxg6 22. Bb3 Bxb3 23. Nxb3 Ne7 1/2-1/2

[Event "Muensterland Verbandsklasse 1617"]
[Site "Germany"]
[Date "2017.02.11"]
[Round "6.5"]
[White "Glotzbach, Thomas"]
[Black "Ternes, Joachim"]
[Result "1/2-1/2"]
[WhiteElo "1735"]
[BlackElo "1606"]
[PlyCount "101"]
[EventDate "2016.09.24"]
[EventType "team"]
[EventRounds "9"]
[EventCountry "GER"]
[SourceTitle "EXT 2018"]
[Source "ChessBase"]
[SourceDate "2017.10.13"]
[SourceVersion "1"]
[SourceVersionDate "2017.10.13"]
[SourceQuality "1"]
[WhiteTeam "Muenster Indische Dame"]
[BlackTeam "Neuenkirchen II"]
[WhiteTeamCountry "GER"]
[BlackTeamCountry "GER"]

1. e4 c6 2. d4 d5 3. e5 Bf5 4. Nf3 e6 5. Be2 Nd7 6. 0-0 Ne7 7. Be3 h6 8. Nbd2 Bh7 9. Ne1 Nf5 10. g3 c5 11. c3 cxd4 12. cxd4 Nxe3 13. fxe3 Be7 14. Qb3 Rb8 15. Ng2 0-0 16. Rac1 a6 17. Rc3 Qb6 18. a3 Qxb3 19. Nxb3 Rfc8 20. Rfc1 Nb6 21. Na5 Rxc3 22. Rxc3 Bd8 23. b4 Na4 24. Rc1 Bxa5 25. bxa5 Nb2 26. Rc3 Nc4 27. Bxc4 Rc8 28. Kf2 Rxc4 29. Rxc4 dxc4 30. Ke2 Be4 31. Ne1 Kf8 32. Kd2 Ke8 33. Kc3 Bd5 34. Nc2 Kd7 35. Nb4 Kc7 36. e4 Bxe4 37. Kxc4 f5 38. exf6 gxf6 39. d5 e5 40. Kc5 f5 41. Na2 f4 42. Nc3 Bg2 43. gxf4 exf4 44. Nd1 f3 45. Nf2 Bf1 46. h4 h5 47. Kd4 Be2 48. Ke5 Kd7 49. Ne4 Ke7 50. Kf4 Bd1 51. Ke5 1/2-1/2

[Event "Muensterland Verbandsklasse 1617"]
[Site "Germany"]
[Date "2016.10.22"]
[Round "2.5"]
[White "Ternes, Joachim"]
[Black "Weng, Peter"]
[Result "1/2-1/2"]
[WhiteElo "1606"]
[BlackElo "1639"]
[PlyCount "83"]
[EventDate "2016.09.24"]
[EventType "team"]
[EventRounds "9"]
[EventCountry "GER"]
[SourceTitle "EXT 2018"]
[Source "ChessBase"]
[SourceDate "2017.10.13"]
[SourceVersion "1"]
[SourceVersionDate "2017.10.13"]
[SourceQuality "1"]
[WhiteTeam "Neuenkirchen II"]
[BlackTeam "Sendenhorst"]
[WhiteTeamCountry "GER"]
[BlackTeamCountry "GER"]

1. e4 e6 2. d4 d5 3. exd5 exd5 4. Nf3 Bd6 5. Bd3 Ne7 6. 0-0 0-0 7. c4 dxc4 8. Bxc4 Nbc6 9. Bg5 h6 10. Bxe7 Qxe7 11. h3 Bf5 12. Nc3 Rad8 13. Re1 Qd7 14. Bb5 a6 15. Bf1 Bf4 16. Ne2 Bd6 17. a3 Rfe8 18. Nc3 Rxe1 19. Qxe1 Bf4 20. Ne2 Re8 21. Qc3 Bd6 22. Rd1 Be4 23. Nd2 Bg6 24. Nc4 Ne7 25. Qb3 b6 26. Ne5 Bxe5 27. dxe5 Qc8 28. Nf4 Be4 29. Bc4 Qf5 30. e6 f6 31. Qg3 Kf8 32. Bxa6 g5 33. Nh5 Qg6 34. Be2 Nd5 35. Bf3 Rxe6 36. Rxd5 Bxd5 37. Bxd5 Re1+ 38. Kh2 Qxh5 39. Qxc7 Qe8 40. Qd6+ Qe7 41. Qb8+ Qe8 42. Qd6+ 1/2-1/2

[Event "Steinfurt Bezirksliga 1415"]
[Site "Germany"]
[Date "2015.05.09"]
[Round "9.6"]
[White "Nieland, Helmut"]
[Black "Ternes, Joachim"]
[Result "0-1"]
[WhiteElo "1284"]
[BlackElo "1605"]
[PlyCount "56"]
[EventDate "2014.09.06"]
[EventType "team-tourn"]
[EventRounds "9"]
[EventCountry "GER"]
[SourceTitle "EXT 2016"]
[Source "ChessBase"]
[SourceDate "2015.10.08"]
[SourceVersion "1"]
[SourceVersionDate "2015.10.08"]
[SourceQuality "1"]
[WhiteTeam "Emsdetten Turm III"]
[BlackTeam "Neuenkirchen II"]
[WhiteTeamCountry "GER"]
[BlackTeamCountry "GER"]

1. d4 Nf6 2. c4 e6 3. Nc3 Bb4 4. a3 Bxc3+ 5. bxc3 0-0 6. Nf3 b6 7. Bg5 Bb7 8. e3 d6 9. Be2 Nbd7 10. 0-0 c5 11. Qc2 h6 12. Bh4 Qc7 13. h3 Rac8 14. Nd2 cxd4 15. cxd4 d5 16. Rac1 dxc4 17. Bg3 Qd8 18. Qc3 b5 19. Rc2 a6 20. Bd6 Re8 21. Bb4 Ne4 22. Nxe4 Bxe4 23. Rd2 Nf6 24. f3 Nd5 25. Qa1 Bg6 26. e4 Nf4 27. Bc3 Qg5 28. Kh2 Qxg2# 0-1

[Event "Steinfurt Bezirksliga 1415"]
[Site "Germany"]
[Date "2015.04.18"]
[Round "8.5"]
[White "Koczy, Willibald"]
[Black "Ternes, Joachim"]
[Result "1/2-1/2"]
[WhiteElo "1503"]
[BlackElo "1605"]
[PlyCount "53"]
[EventDate "2014.09.06"]
[EventType "team-tourn"]
[EventRounds "9"]
[EventCountry "GER"]
[SourceTitle "EXT 2016"]
[Source "ChessBase"]
[SourceDate "2015.10.08"]
[SourceVersion "1"]
[SourceVersionDate "2015.10.08"]
[SourceQuality "1"]
[WhiteTeam "Ibbenbueren II"]
[BlackTeam "Neuenkirchen II"]
[WhiteTeamCountry "GER"]
[BlackTeamCountry "GER"]

1. e4 c6 2. d4 d5 3. Nc3 dxe4 4. Nxe4 Bf5 5. Ng3 Bg6 6. h4 h6 7. h5 Bh7 8. Nf3 Nf6 9. Bd3 Bxd3 10. Qxd3 e6 11. Bf4 Nbd7 12. 0-0-0 Nd5 13. Bd2 Bd6 14. Ne4 Be7 15. g4 N7f6 16. Ne5 Nxe4 17. Qxe4 Nb6 18. f4 Qd5 19. Qxd5 cxd5 20. Rh3 Nc4 21. Rb3 Nxe5 22. dxe5 b6 23. Bb4 Bxb4 24. Rxb4 Ke7 25. Rbd4 Rhc8 26. b3 b5 27. Kb2 1/2-1/2

[Event "Muensterland Verbandsklasse-A 1213"]
[Site "Germany"]
[Date "2013.01.26"]
[Round "5.5"]
[White "Ternes, Joachim"]
[Black "Darwisch, Mohamed"]
[Result "0-1"]
[WhiteElo "1617"]
[BlackElo "1832"]
[PlyCount "80"]
[EventDate "2012.09.15"]
[EventType "team-tourn"]
[EventRounds "9"]
[EventCountry "GER"]
[SourceTitle "EXT 2015"]
[Source "ChessBase"]
[SourceDate "2014.11.20"]
[SourceVersion "1"]
[SourceVersionDate "2014.11.20"]
[SourceQuality "1"]
[WhiteTeam "Neuenkirchen II"]
[BlackTeam "Ahaus Wessum"]
[WhiteTeamCountry "GER"]
[BlackTeamCountry "GER"]

1. e4 c5 2. Nf3 d6 3. Bb5+ Bd7 4. Bxd7+ Nxd7 5. c4 g6 6. Nc3 Bg7 7. 0-0 e6 8. d3 Ne7 9. Bf4 e5 10. Be3 0-0 11. Qd2 a6 12. Bh6 Rb8 13. Bxg7 Kxg7 14. Nd5 Nxd5 15. exd5 b5 16. b3 h6 17. Qc3 f5 18. Nd2 Qf6 19. Rae1 b4 20. Qa1 g5 21. Qd1 Qg6 22. Qe2 Rbe8 23. f3 h5 24. h3 h4 25. Kh2 Nf6 26. Rg1 Nh5 27. Nf1 Kh7 28. Qd2 Qf6 29. Qe2 e4 30. fxe4 Nf4 31. Qf3 Qc3 32. Rd1 fxe4 33. dxe4 Qe5 34. Kh1 Qxe4 35. Qxe4+ Rxe4 36. Kh2 Ne2 37. Rh1 Rf2 38. Nd2 Nf4 39. Rhg1 Ree2 40. Nf3 Rxf3 0-1

[Event "Muensterland Verbandsklasse-A 1213"]
[Site "Germany"]
[Date "2012.12.15"]
[Round "4.5"]
[White "Kuester, Thomas"]
[Black "Ternes, Joachim"]
[Result "1-0"]
[WhiteElo "1956"]
[BlackElo "1617"]
[PlyCount "87"]
[EventDate "2012.09.15"]
[EventType "team-tourn"]
[EventRounds "9"]
[EventCountry "GER"]
[SourceTitle "EXT 2015"]
[Source "ChessBase"]
[SourceDate "2014.11.20"]
[SourceVersion "1"]
[SourceVersionDate "2014.11.20"]
[SourceQuality "1"]
[WhiteTeam "Heiden"]
[BlackTeam "Neuenkirchen II"]
[WhiteTeamCountry "GER"]
[BlackTeamCountry "GER"]

1. Nf3 d5 2. b3 Nf6 3. Bb2 g6 4. e3 Bg7 5. d4 Bf5 6. Be2 0-0 7. 0-0 Nbd7 8. Ne5 c6 9. Nd2 Nxe5 10. dxe5 Nd7 11. g4 Be6 12. f4 Qb6 13. Bd4 c5 14. Bb2 f5 15. gxf5 Bxf5 16. Bf3 e6 17. c4 d4 18. Ne4 Nxe5 19. fxe5 Bxe5 20. exd4 Bxd4+ 21. Bxd4 cxd4 22. Kh1 Rad8 23. Bg2 Qc7 24. Ng3 b6 25. Qd2 Qg7 26. Nxf5 gxf5 27. Rg1 Kh8 28. Rae1 Qf6 29. Qe2 Rfe8 30. Bc6 Re7 31. Qe5 Qxe5 32. Rxe5 Rd6 33. Bd5 d3 34. Rd1 Kg7 35. Rxd3 Kf6 36. Rde3 f4 37. Re1 a5 38. a3 h6 39. h3 Re8 40. b4 axb4 41. axb4 Re7 42. h4 Re8 43. c5 bxc5 44. bxc5 1-0

[Event "Muensterland Verbandsklasse-A 1213"]
[Site "Germany"]
[Date "2012.09.15"]
[Round "1.6"]
[White "Ternes, Joachim"]
[Black "Gerighausen, Karl Heinz"]
[Result "0-1"]
[WhiteElo "1617"]
[BlackElo "1665"]
[PlyCount "52"]
[EventDate "2012.09.15"]
[EventType "team-tourn"]
[EventRounds "9"]
[EventCountry "GER"]
[SourceTitle "EXT 2015"]
[Source "ChessBase"]
[SourceDate "2014.11.20"]
[SourceVersion "1"]
[SourceVersionDate "2014.11.20"]
[SourceQuality "1"]
[WhiteTeam "Neuenkirchen II"]
[BlackTeam "Ibbenbueren"]
[WhiteTeamCountry "GER"]
[BlackTeamCountry "GER"]

1. d4 Nf6 2. c4 e6 3. Nc3 Bb4 4. Qc2 Nc6 5. Nf3 d6 6. a3 Bxc3+ 7. Qxc3 Ne4 8. Qc2 f5 9. g3 0-0 10. Bg2 Qe7 11. 0-0 e5 12. dxe5 Nxe5 13. Nxe5 Qxe5 14. Bf4 Qe7 15. b4 a5 16. Rad1 b6 17. Bc1 Bb7 18. Bb2 axb4 19. axb4 Rae8 20. Rfe1 f4 21. Bxe4 Bxe4 22. Qc3 fxg3 23. hxg3 Qg5 24. Rd4 Qg4 25. Red1 Re5 26. R1d3 Qxe2 0-1

[Event "Steinfurt Bezirksliga 1112"]
[Site "Germany"]
[Date "2011.11.26"]
[Round "3.6"]
[White "Dehler, Markus"]
[Black "Ternes, Joachim"]
[Result "1/2-1/2"]
[WhiteElo "1577"]
[BlackElo "1590"]
[PlyCount "48"]
[EventDate "2011.10.01"]
[EventType "team-tourn"]
[EventRounds "9"]
[EventCountry "GER"]
[SourceTitle "EXT 2013"]
[Source "ChessBase"]
[SourceDate "2012.11.22"]
[SourceVersion "1"]
[SourceVersionDate "2012.11.22"]
[SourceQuality "1"]
[WhiteTeam "Steinfurt II"]
[BlackTeam "Neuenkirchen II"]
[WhiteTeamCountry "GER"]
[BlackTeamCountry "GER"]

1. e4 c5 2. Nf3 Nc6 3. g3 d6 4. Bg2 g6 5. d3 Bg7 6. 0-0 e6 7. c3 Nge7 8. Na3 a6 9. Nc2 0-0 10. Be3 Rb8 11. Qd2 b5 12. Bh6 Bb7 13. Bxg7 Kxg7 14. d4 cxd4 15. cxd4 Qa5 16. b4 Qb6 17. Ne3 Rfd8 18. Ng4 Ng8 19. d5 Nce7 20. dxe6 fxe6 21. Nd4 Bc8 22. Ne3 e5 23. Ne2 Nf6 24. Rfd1 Bb7 1/2-1/2

[Event "Steinfurt Bezirksliga 1112"]
[Site "Germany"]
[Date "2011.10.01"]
[Round "1.6"]
[White "Niedenzu, Gerhard"]
[Black "Ternes, Joachim"]
[Result "0-1"]
[WhiteElo "1459"]
[BlackElo "1590"]
[PlyCount "48"]
[EventDate "2011.10.01"]
[EventType "team-tourn"]
[EventRounds "9"]
[EventCountry "GER"]
[SourceTitle "EXT 2013"]
[Source "ChessBase"]
[SourceDate "2012.11.22"]
[SourceVersion "1"]
[SourceVersionDate "2012.11.22"]
[SourceQuality "1"]
[WhiteTeam "Ibbenbueren II"]
[BlackTeam "Neuenkirchen II"]
[WhiteTeamCountry "GER"]
[BlackTeamCountry "GER"]

1. e4 c5 2. Nf3 Nc6 3. d4 cxd4 4. Nxd4 Nf6 5. Nc3 e5 6. Nf3 Bb4 7. Bd3 d6 8. Bd2 Bg4 9. 0-0 Nd4 10. Be2 Nxe2+ 11. Qxe2 a6 12. a3 Bc5 13. Bg5 h6 14. Bxf6 Qxf6 15. Nd5 Qd8 16. h3 Bh5 17. Qd3 0-0 18. b4 Ba7 19. Rac1 Rc8 20. c3 Kh8 21. Rc2 Qd7 22. Re1 Qa4 23. c4 Bxf3 24. Qxf3 Qxc2 0-1

[Event "Steinfurt Bezirksliga 0809"]
[Site "Germany"]
[Date "2009.05.09"]
[Round "9.6"]
[White "Ternes, Joachim"]
[Black "Sperling, Rainer"]
[Result "1/2-1/2"]
[WhiteElo "1557"]
[BlackElo "1521"]
[PlyCount "27"]
[EventDate "2008.09.27"]
[EventType "team-tourn"]
[EventRounds "9"]
[EventCountry "GER"]
[SourceTitle "EXT 2010"]
[Source "ChessBase"]
[SourceDate "2010.11.25"]
[SourceVersion "1"]
[SourceVersionDate "2010.11.25"]
[SourceQuality "1"]
[WhiteTeam "Neuenkirchen II"]
[BlackTeam "Reckenfeld"]
[WhiteTeamCountry "GER"]
[BlackTeamCountry "GER"]

1. d4 d5 2. c4 dxc4 3. e3 Nf6 4. Bxc4 e6 5. Nf3 Bb4+ 6. Bd2 Bxd2+ 7. Nbxd2 0-0 8. 0-0 a6 9. a4 Bd7 10. Ne5 Nc6 11. Ndf3 Rb8 12. Qe2 Nxe5 13. Nxe5 Qe8 14. Nxd7 1/2-1/2

[Event "Steinfurt Bezirksklasse 0708"]
[Site "Germany"]
[Date "2008.03.01"]
[Round "6.4"]
[White "Ternes, Joachim"]
[Black "Wehner, Siegfried"]
[Result "1-0"]
[WhiteElo "1572"]
[BlackElo "1520"]
[PlyCount "67"]
[EventDate "2007.10.13"]
[EventType "team-tourn"]
[EventRounds "7"]
[EventCountry "GER"]
[SourceTitle "EXT 2009"]
[Source "ChessBase"]
[SourceDate "2008.11.26"]
[SourceVersion "1"]
[SourceVersionDate "2008.11.26"]
[SourceQuality "1"]
[WhiteTeam "Neuenkirchen II"]
[BlackTeam "Reckenfeld II"]
[WhiteTeamCountry "GER"]
[BlackTeamCountry "GER"]

1. d4 Nf6 2. c4 c5 3. d5 b5 4. cxb5 a6 5. b6 Qxb6 6. Nc3 d6 7. e4 g6 8. Bc4 Bg7 9. Qb3 Nfd7 10. f4 Qxb3 11. Bxb3 Nb6 12. Nf3 N8d7 13. 0-0 Bb7 14. a4 c4 15. Bc2 Rc8 16. a5 Na8 17. Ba4 Rc7 18. Be3 0-0 19. Bxd7 Rxd7 20. Ra4 Rc8 21. Nd2 Rdc7 22. Rb4 e6 23. Nxc4 Bxc3 24. bxc3 Rxc4 25. Rxb7 Rxe4 26. Bd4 exd5 27. Rd7 Re6 28. f5 gxf5 29. Rxf5 Rf8 30. Rxd5 Rb8 31. R5xd6 Kf8 32. Rxe6 fxe6 33. Rxh7 Kg8 34. Rh8+ 1-0

[Event "Steinfurt Bezirksklasse 0708"]
[Site "Germany"]
[Date "2007.12.08"]
[Round "3.4"]
[White "Ternes, Joachim"]
[Black "Luszczynski, Josef"]
[Result "1-0"]
[WhiteElo "1572"]
[BlackElo "1175"]
[PlyCount "63"]
[EventDate "2007.10.13"]
[EventType "team-tourn"]
[EventRounds "7"]
[EventCountry "GER"]
[SourceTitle "EXT 2009"]
[Source "ChessBase"]
[SourceDate "2008.11.26"]
[SourceVersion "1"]
[SourceVersionDate "2008.11.26"]
[SourceQuality "1"]
[WhiteTeam "Neuenkirchen II"]
[BlackTeam "Ibbenbueren III"]
[WhiteTeamCountry "GER"]
[BlackTeamCountry "GER"]

1. d4 d5 2. c4 e6 3. Nc3 Nf6 4. cxd5 exd5 5. Bg5 Be7 6. e3 0-0 7. Bd3 h6 8. Bh4 Be6 9. Nge2 Nc6 10. a3 a6 11. 0-0 Rc8 12. Qc2 Qd7 13. Rad1 Rfd8 14. f3 Kf8 15. Nf4 g6 16. Nxe6+ Qxe6 17. Bf2 Kg7 18. f4 Ng4 19. f5 Nxe3 20. fxe6 Nxc2 21. Bxc2 fxe6 22. Rde1 Bf6 23. Rxe6 Bxd4 24. Rxg6+ Kh8 25. Rxh6+ Kg7 26. Rg6+ Kh8 27. Bxd4+ Nxd4 28. Rf4 Ne2+ 29. Nxe2 Rd7 30. Rg3 c5 31. Rh4+ Rh7 32. Rxh7# 1-0

[Event "Steinfurt Bezirksliga 0506"]
[Site "Germany"]
[Date "2006.03.18"]
[Round "8.4"]
[White "Ternes, Joachim"]
[Black "Pohlmeier, Ulrich"]
[Result "1/2-1/2"]
[WhiteElo "1574"]
[BlackElo "1621"]
[PlyCount "31"]
[EventDate "2005.09.24"]
[EventType "team-tourn"]
[EventRounds "9"]
[EventCountry "GER"]
[SourceTitle "EXT 2006"]
[Source "ChessBase"]
[SourceDate "2005.11.24"]
[SourceVersion "1"]
[SourceVersionDate "2005.11.24"]
[SourceQuality "1"]
[WhiteTeam "Neuenkirchen II"]
[BlackTeam "Berlin Klein Rheine II"]
[WhiteTeamCountry "GER"]
[BlackTeamCountry "GER"]

1. d4 d5 2. c4 c6 3. Nf3 Bf5 4. Nc3 e6 5. e3 Nf6 6. Be2 h6 7. 0-0 Be7 8. h3 dxc4 9. Bxc4 0-0 10. Bd3 Bxd3 11. Qxd3 Nbd7 12. Rd1 Nb6 13. Qc2 Qc7 14. b3 Nbd5 15. Bb2 Rac8 16. a3 1/2-1/2

[Event "Steinfurt Bezirksliga 0506"]
[Site "Germany"]
[Date "2006.01.14"]
[Round "5.3"]
[White "Ternes, Joachim"]
[Black "Guennigmann, Stefan"]
[Result "0-1"]
[WhiteElo "1574"]
[BlackElo "1789"]
[PlyCount "62"]
[EventDate "2005.09.24"]
[EventType "team-tourn"]
[EventRounds "9"]
[EventCountry "GER"]
[SourceTitle "EXT 2006"]
[Source "ChessBase"]
[SourceDate "2005.11.24"]
[SourceVersion "1"]
[SourceVersionDate "2005.11.24"]
[SourceQuality "1"]
[WhiteTeam "Neuenkirchen II"]
[BlackTeam "Falke Saerbeck II"]
[WhiteTeamCountry "GER"]
[BlackTeamCountry "GER"]

1. d4 Nf6 2. Nf3 e6 3. Bg5 d5 4. e3 c5 5. c4 cxd4 6. exd4 Bb4+ 7. Nbd2 Nc6 8. c5 h6 9. Bh4 g5 10. Bg3 Ne4 11. a3 Bxd2+ 12. Nxd2 Nxg3 13. hxg3 Nxd4 14. Qa4+ Nc6 15. Bb5 Bd7 16. 0-0 Qf6 17. Rab1 a6 18. Nf3 0-0 19. Be2 Ne5 20. Qc2 Nxf3+ 21. Bxf3 Bc6 22. Rbd1 Rad8 23. Rd2 e5 24. Rfd1 e4 25. Be2 d4 26. Bc4 d3 27. Qb1 Qd4 28. b3 Qxc5 29. Qc1 Qe5 30. Re1 Qd4 31. Qd1 b5 0-1

[Event "Steinfurt Bezirksliga 0506"]
[Site "Germany"]
[Date "2005.09.24"]
[Round "1.4"]
[White "Lachmuth, Mathias"]
[Black "Ternes, Joachim"]
[Result "1/2-1/2"]
[WhiteElo "1704"]
[BlackElo "1574"]
[PlyCount "52"]
[EventDate "2005.09.24"]
[EventType "team-tourn"]
[EventRounds "9"]
[EventCountry "GER"]
[SourceTitle "EXT 2006"]
[Source "ChessBase"]
[SourceDate "2005.11.24"]
[SourceVersion "1"]
[SourceVersionDate "2005.11.24"]
[SourceQuality "1"]
[WhiteTeam "Emsdetten Rochade II"]
[BlackTeam "Neuenkirchen II"]
[WhiteTeamCountry "GER"]
[BlackTeamCountry "GER"]

1. Nf3 d5 2. b3 Nf6 3. Bb2 e6 4. e3 Bd6 5. c4 c6 6. d4 0-0 7. Nbd2 Nbd7 8. Bd3 dxc4 9. Nxc4 Be7 10. 0-0 c5 11. Rc1 b6 12. Bb1 Bb7 13. dxc5 Nxc5 14. Qe2 Rc8 15. Rfd1 Ncd7 16. Nfe5 Bd5 17. Nxd7 Nxd7 18. Qd3 f5 19. f3 Nc5 20. Qe2 Qe8 21. e4 Bxc4 22. Qxc4 Qf7 23. b4 Na4 24. Qxc8 Nxb2 25. Qc2 Nxd1 26. Qxd1 Bxb4 1/2-1/2